| 000 | 00437nam a22001457a 4500 | ||
|---|---|---|---|
| 020 | _a978-969-853-574-2 | ||
| 040 | _cNUST | ||
| 082 |
_a954.91009581 _bLAT |
||
| 100 |
_aLatif Zahid _9132151 |
||
| 245 | _aPakistan's Search for Peace with Afghanistan, | ||
| 250 | _a1st Edition | ||
| 260 |
_aIslamabad Pakistan _bNUST Press, Islamabad, Pakistan _c2025 |
||
| 650 |
_aPakistan Search for peace with Afghanistan _9132862 |
||
| 942 |
_2ddc _cBK |
||
| 999 |
_c615883 _d615883 |
||